Management decision making: spreadsheet modeling, analysis, and application
Guardat en:
| Autor principal: | |
|---|---|
| Format: | Llibre |
| Idioma: | anglès |
| Publicat: |
Cambridge
Cambridge University
2000
|
| Matèries: | |
| Etiquetes: |
Afegir etiqueta
Sense etiquetes, Sigues el primer a etiquetar aquest registre!
|
MARC
| LEADER | 00000nam a2200000 a 4500 | ||
|---|---|---|---|
| 001 | UCN8222 | ||
| 003 | CL-VaPUC | ||
| 008 | 011109e20000000uk |||||||||||||||||eng|d | ||
| 082 | 0 | 4 | |a 658.4032 |b MON |2 21 |
| 100 | |a Monahan, George E. |e autor |9 464500 | ||
| 245 | 1 | 0 | |a Management decision making: spreadsheet modeling, analysis, and application |
| 300 | |a 714 p | ||
| 942 | |c BK | ||
| 945 | |d 20011109 00:00:00 |a cmena | ||
| 260 | |a Cambridge |b Cambridge University |c 2000 | ||
| 500 | |a Incluye CD-Rom | ||
| 650 | 0 | |a Toma de decisiones |9 257530 | |
| 650 | 0 | |a Administración de empresas |9 260833 | |
| 650 | 0 | |a Planificación estratégica |9 259735 | |
| 650 | 0 | |a Gestión de la información |9 362327 | |
| 650 | 0 | |a Proceso de datos |9 259776 | |
| 583 | |a last modification |c 20130806 04:04:43 |k Rodrigo Vera | ||
| 999 | |c 298248 |d 298246 | ||
| 952 | |0 0 |1 0 |4 0 |6 658_403200000000000_MON_2000 |7 0 |8 CCM |9 353731 |a BIBCUR |b BIBCUR |d 2019-11-21 |i 3769402 |o 658.4032 MON 2000 |p 3769402 |r 2025-04-22 |w 2019-11-21 |y BK |k RNT | ||